Statistiques concernant Mots de la langue française terminés par "air"

Cliquez ici pour prendre le quiz!

Statistiques générales

  • Ce quiz a été pris 226 fois
  • Le résultat moyen est 8 sur 13

Statistiques - réponses

IndiceMot% Correct
mélange gazeuxair
91%
détesterhaïr
89%
odoratflair
83%
netclair
79%
pâtisserieéclair
79%
nez (familier)blair
62%
confrèrepair
61%
lainemohair
58%
viandechair
56%
fourrurevair
49%
avioncanadair
37%
maladresseimpair
25%
qualité du papier que l'on observe par transparenceépair
6%

Distribution des résultats

Percentile par nombre de réponses

% des personnes avec chaque résultat

Votre développement - résultats

Vous n’avez pas pris ce quiz